<?xml version="1.0" encoding="UTF-8"?>
<record
    xmlns:xsi="http://www.w3.org/2001/XMLSchema-instance"
    xsi:schemaLocation="http://www.loc.gov/MARC21/slim http://www.loc.gov/standards/marcxml/schema/MARC21slim.xsd"
    xmlns="http://www.loc.gov/MARC21/slim">

  <leader>01048nam a2200313 u 4500</leader>
  <controlfield tag="001">328312</controlfield>
  <controlfield tag="005">20260506082758.0</controlfield>
  <controlfield tag="008">990202s1997                        spa  </controlfield>
  <datafield tag="035" ind1=" " ind2=" ">
    <subfield code="a">328312</subfield>
  </datafield>
  <datafield tag="035" ind1=" " ind2=" ">
    <subfield code="a">(OCoLC)777745627</subfield>
  </datafield>
  <datafield tag="040" ind1=" " ind2=" ">
    <subfield code="c">comduadb</subfield>
  </datafield>
  <datafield tag="041" ind1=" " ind2=" ">
    <subfield code="a">spa</subfield>
  </datafield>
  <datafield tag="082" ind1=" " ind2="4">
    <subfield code="a">C863</subfield>
  </datafield>
  <datafield tag="111" ind1="2" ind2="0">
    <subfield code="a">Concurso de Cuento Icfes Cres (1996 : Manizales),</subfield>
    <subfield code="4">aut</subfield>
    <subfield code="e">aut</subfield>
  </datafield>
  <datafield tag="245" ind1="1" ind2="0">
    <subfield code="a">Ganadores del concurso de cuento  Ifces-Cres</subfield>
  </datafield>
  <datafield tag="250" ind1=" " ind2=" ">
    <subfield code="a">1. edici&#xF3;n</subfield>
  </datafield>
  <datafield tag="260" ind1=" " ind2=" ">
    <subfield code="a">Manizales :</subfield>
    <subfield code="b">Centro Editorial,</subfield>
    <subfield code="c">1997.</subfield>
  </datafield>
  <datafield tag="300" ind1=" " ind2=" ">
    <subfield code="a">62 p&#xE1;ginas</subfield>
  </datafield>
  <datafield tag="500" ind1=" " ind2=" ">
    <subfield code="a">Canje: Boletin de Antropologia: Ene./99.</subfield>
  </datafield>
  <datafield tag="505" ind1="8" ind2="0">
    <subfield code="t">Requiem para Andres</subfield>
  </datafield>
  <datafield tag="505" ind1="8" ind2="0">
    <subfield code="t">No llores sobre mis paginas</subfield>
  </datafield>
  <datafield tag="505" ind1="8" ind2="0">
    <subfield code="t">Mi charco</subfield>
  </datafield>
  <datafield tag="650" ind1=" " ind2="7">
    <subfield code="a">Cuentos colombianos</subfield>
    <subfield code="2">lemb</subfield>
    <subfield code="9">638</subfield>
  </datafield>
  <datafield tag="650" ind1=" " ind2="7">
    <subfield code="a">Literatura colombiana</subfield>
    <subfield code="2">lemb</subfield>
    <subfield code="9">41945</subfield>
  </datafield>
  <datafield tag="650" ind1=" " ind2=" ">
    <subfield code="a">Premios literarios</subfield>
    <subfield code="9">12680</subfield>
  </datafield>
  <datafield tag="710" ind1=" " ind2="0">
    <subfield code="a">Instituto Colombiano para el Fomento de la Educaci&#xF3;n Superior</subfield>
    <subfield code="4">aut</subfield>
    <subfield code="0">(isni)0000 0001 2184 872X</subfield>
    <subfield code="0">(viaf)150960273</subfield>
    <subfield code="e">aut</subfield>
    <subfield code="9">825226</subfield>
  </datafield>
  <datafield tag="710" ind1="2" ind2="0">
    <subfield code="a">Cres de Occidente</subfield>
    <subfield code="4">aut</subfield>
    <subfield code="e">aut</subfield>
    <subfield code="9">826328</subfield>
  </datafield>
  <datafield tag="999" ind1=" " ind2=" ">
    <subfield code="c">109861</subfield>
    <subfield code="d">109861</subfield>
  </datafield>
  <datafield tag="942" ind1=" " ind2=" ">
    <subfield code="c">BOOK</subfield>
  </datafield>
  <datafield tag="952" ind1=" " ind2=" ">
    <subfield code="0">0</subfield>
    <subfield code="1">0</subfield>
    <subfield code="4">0</subfield>
    <subfield code="7">0</subfield>
    <subfield code="8">LILAT</subfield>
    <subfield code="a">BC</subfield>
    <subfield code="b">BC</subfield>
    <subfield code="d">1999-02-02</subfield>
    <subfield code="i">C407618</subfield>
    <subfield code="l">0</subfield>
    <subfield code="o">C863.08 C744c 1996</subfield>
    <subfield code="p">61000000180329</subfield>
    <subfield code="r">2023-04-22 00:00:00</subfield>
    <subfield code="t">1</subfield>
    <subfield code="w">2023-04-22</subfield>
    <subfield code="y">BOOK</subfield>
  </datafield>
</record>
